000 00807nam a2200253Ia 4500
999 _c1755
_d1755
003 DO-SdBJH
005 20180927194157.0
008 171116s9999 dr 000 0 spa d
020 _a978-9945-020-79-3
040 _aDO-SdBJH
_bspa
_cDO-SdBJH
041 _bspa
082 _aRD 972.9305
_b C343h 2007
100 1 _aCassá, Roberto
245 1 0 _aHeroínas nacionales /
_cRoberto Cassá
260 _aSanto Domingo :
_bAlfa y Omega,
_c2007
300 _a118 páginas
490 _a Colección juvenil, v. 2
650 4 _a1- Sánchez, María Trinidad- 1794-1845
650 4 _a2- Ureña Salomé-1850-1897
650 4 _a3- Mirabal, Minerva-1926-1960
942 _2ddc
_cBK